000 00263nam a2200097Ia 4500
005 20251222114345.0
008 251222s1900||||xx |||||||||||||| ||spa||
082 _aDVD0192/U61/2002
245 0 _aConversatorio Sobre Creatividad Dramaturga Alonso Alegría.:
942 _cDVD
999 _c994
_d994